| 000 | 00595nam a2200229 a 4500 | ||
|---|---|---|---|
| 001 | 0001-1399 | ||
| 003 | ELIB.Books | ||
| 008 | 160803 2010 eng | ||
| 020 | _a9780736948104 (pbk) | ||
| 035 | _a(ELIB.Books)0001-1554 | ||
| 092 |
_a248.8 _bPay |
||
| 100 | _aPayleitner, Jay. | ||
| 245 | _a52 Things Daughters Need From Their Dads | ||
| 260 |
_aEugene _bHarvest House Publishers _c2013 |
||
| 300 |
_a199 _c21.5 Cm |
||
| 650 | _aChristian Life | ||
| 856 |
_nKBTS Library _uKBTS: ELIB |
||
| 942 |
_2ddc _cBK |
||
| 990 | _a1 | ||
| 998 |
_cbat _e2016-08-03 |
||
| 999 |
_c11399 _d11399 |
||